LDR 00764naa#a2200169#i#450# 001 RU\\bibl\121523 005 20260604013733.4 011 ## _a2414-3995 100 ## _a20251022b2025####ek#y0rusy0150####ca 102 ## _aRU 200 1# _aПроблемы правоприменения уголовного законодательства в сфере таможенных преступлений _eЖурнальная статья 210 1# _aМосква _cМосковский университет МВД России имени В.Я. Кикотя _d2025 215 ## _a3 с. 608 ## _aЖурнальная статья _2local 675 ## _aПраво. Юридические науки. 34 _z 700 #1 _aАминов _gДавид Исакович 856 4# _amosumvd.editorum.ru _u